00592nam a2200181 a 4500008004100000020002300041100002600064245009800090260003000188300002600218440006100244504004100305650001400346700002300360003000100383005001700384040000900401  a0471708216 (cased)1 aRao, C. Radhakrishna.10aGeneralized inverse of matrices and its applicationscC. Radhakrishna Rao, Sujit Kumar Mitra. aNew York :bWiley,c1971. axiv, 240 p. ;c24 cm. 0aWiley series in probability and mathematical statistics. aIncludes bibliographical references. 0aMatrices.1 aMitra, Sujit Kumar20230123133207.0 cNUST